00453cam a2200157ua 45000010005000000080039000050400009000440820013000531000028000662450072000942500009001662600038001753000017002136530019002306530046002493109110928n ii |||gr||||Z||||||asm cMAIN a891.45131 aGoswami, Mamoni Raison,11aMamare dhara tarowal aru dukhan upanyassacby Mamoni Raison Goswami a9th. aGuahati:bChandra Prakash,c2008. a232p:c23cm. aAssamese novel aMamare dhara tarowal aru dukhan upanyassa